| 000 | 00369nam a2200169Ia 4500 | ||
|---|---|---|---|
| 100 | _aReuvid/Jonathan | ||
| 650 | _aSustainable | ||
| 942 | _cBK | ||
| 366 | _f20 | ||
| 654 | _asustainable enterprise | ||
| 245 | _aThe Sustainable enterprise | ||
| 260 |
_bKogan Page _aUSA _c2006 |
||
| 082 |
_a658.152/REU _bREU |
||
| 300 | _a231 | ||
| 546 | _aENGLISH | ||
| 999 |
_c21346 _d21346 |
||